00824nam a22002057a 450000500170000000800410001704000700005804100080012810000200013624500710015626000720022730000180029949000390031750000830035665000260043965000340046565000290049965100320052865100580056020210901051951.0130821s1944 ck gr spa  aCo-BoUCMbspacSandra Yazo (modificó)dSandra Yazo (modificó)00aspa aLopez O, Juan B00aSalamina de su historia y de sus costumbrescPor Juan B. López O aManizales (Caldas, Colombia)bBiblioteca de Autores Caldensesc1944 av. 2. (245 p) aBiblioteca de Autores Caldenses; 5 aIncluye índice. -- Este libro se encuentra en el depósito de la biblioteca04aLiteratura colombiana04aNovela histórica colombiana04aVida social y costumbres aSalamina (Caldas, Colombia) aSalamina (Caldas, Colombia)xVida social y costumbres